000
00288nam a2200109Ia 4500
003
GCL
008
140319s9999 xx 000 0 eng d
040
_a
GCL /
_c
GCL
082
0
4
_a
370.15
_b
E E
245
1
0
_a
EDUCATIONAL PSYCHOLOGY CLASSROOM CONNCTIONS
260
_a
[S.N] :
_b
A AND C BLACK LIMITED
999
_c
17038
_d
17038